000 00576nam a2200181Ia 4500
008 150223s9999 xx 000 0 und d
020 _a1582971528
050 _aPN 161
_b.A34 2002
100 _aHowry, Michelle.
245 _aAgents, editors, and you :
_bthe insider's guide to getting your book published :
_cMichelle Howry.
260 _aOhio :
_bWriter's Digest Books,
_c2002
300 _a260 pages :
_c23 cm.
504 _aIncludes Index.
650 _aAuthors and publishers.
650 _aAuthorship
_xMarketing.
650 _aEditing.
650 _aLiterary agents.
999 _c283277
_d283277